000 00653nam a22001697a 4500
008 150618b xxu||||| |||| 00| 0 eng d
020 _a9781107659353
050 _aQ 173 .J76c 2013
100 _aJones, Mary
245 _aCambridge checkpoint science 8
_b: coursebook /
_c Mary Jones ; Diane Fellowes - Freeman ; David Sang .--
260 _aUnited Kingdom :
_bCambridge University Press,
_cc2013
300 _a188 pages.,
_bcolor illustrations., ;
_c27 cm. m
_eCoursebook
500 _aIncludes glossary and index.
650 _aBiology -- Chemistry -- Physics --
700 _a Freeman, Diane Fellowes ., Sang, David .
942 _2lcc
_cBK
999 _c288277
_d288277